| 000 | 00519nam a2200217Ia 4500 | ||
|---|---|---|---|
| 003 | OSt | ||
| 005 | 20140313100920.0 | ||
| 008 | 140130s9999 xx 000 0 und d | ||
| 020 | _a0590425676 | ||
| 050 |
_aPZ 7 _b.C21476Hp 1990 |
||
| 100 | _aEric Carie | ||
| 245 |
_cEric Carie _aA House for Hermit Crab / |
||
| 260 |
_bScholastic, _c1990. _aNew York : |
||
| 300 |
_a[32] p. : _bcol. ill. ; _c18 cm. |
||
| 440 | _v1 | ||
| 521 | _aG2 | ||
| 526 | _c480 | ||
| 942 |
_cBK _2lcc |
||
| 999 |
_c40458 _d40458 |
||